000
00250nam a2200097Ia 4500
005
20251222114358.0
008
251222s1900||||xx |||||||||||||| ||spa||
082
_a
DVD0050/B99/1980
245
0
_a
La guerra de los mundos:The war of the worlds
942
_c
DVD
999
_c
1529
_d
1529